[Event "I Memorial Oliver Gonzalez Somoza"]
[Site "Madrid ESP"]
[Date "2010.10.12"]
[Round "4.50"]
[White "Morona Minguez, Irene"]
[Black "Gomez Gonzalez, Javier"]
[Result "0-1"]
[WhiteElo "1815"]
[BlackElo "2016"]
[PlyCount "88"]
[EventDate "2010.10.09"]
[EventType "swiss"]
[EventRounds "9"]
[EventCountry "ESP"]
[Source "lmi"]
[SourceDate "2010.10.09"]

1. e4 e5 2. Nf3 Nf6 3. d4 Nxe4 4. Bd3 d5 5. Nxe5 Bd6 6. O-O O-O 7. Nc3 Nxc3 8.
bxc3 c5 9. Qh5 f5 10. Bg5 Qe8 11. Qf3 Be6 12. Rfe1 Qc8 13. Qg3 Re8 14. f4 Nc6
15. Bf6 Bf8 16. Be2 Kh8 17. Bh4 Nxe5 18. dxe5 Qc7 19. Rad1 Qf7 20. Qf3 Rec8 21.
Rb1 Rc7 22. Bf2 Rd8 23. h3 d4 24. a4 Bd5 25. Qd3 Be4 26. Qd2 Qd5 27. g3 Qa2 28.
Bd3 Qd5 29. Bf1 Qc6 30. Bb5 Qh6 31. Bf1 Qe6 32. c4 b6 33. Bd3 Bb7 34. Kh2 Qc6
35. Rg1 Qe6 36. Qe2 Bc6 37. Ra1 a5 38. Ra2 Rf7 39. Rb1 Ba8 40. Re1 Re8 41. Rb1
Qc6 42. Rg1 Re6 43. Qh5 Rh6 44. Qxf7 Rxh3+ 0-1

[Event "I Memorial Oliver Gonzalez Somoza"]
[Site "Madrid ESP"]
[Date "2010.10.12"]
[Round "4.51"]
[White "Nuñez Miranda, Adrian"]
[Black "Vargas Huamani, Juan C"]
[Result "0-1"]
[WhiteElo "1811"]
[BlackElo "2013"]
[PlyCount "152"]
[EventDate "2010.10.09"]
[EventType "swiss"]
[EventRounds "9"]
[EventCountry "ESP"]
[Source "lmi"]
[SourceDate "2010.10.09"]

1. e4 c5 2. d3 Nc6 3. g3 g6 4. Bg2 Bg7 5. f4 d6 6. Nf3 e6 7. c3 d5 8. O-O Nge7
9. Na3 d4 10. c4 a6 11. Bd2 Rb8 12. Rc1 O-O 13. Qe1 e5 14. b4 cxb4 15. Bxb4
Nxb4 16. Qxb4 Nc6 17. Qb2 Bg4 18. h3 Bxf3 19. Rxf3 f5 20. Qe2 Qa5 21. Nb1 fxe4
22. Qxe4 Qxa2 23. Rf2 Qa5 24. Qd5+ Qxd5 25. cxd5 Nb4 26. Be4 Rfd8 27. Rc7 exf4
28. gxf4 Nxd5 29. Bxd5+ Rxd5 30. Re2 Bf6 31. Re6 Bh4 32. Nd2 Rf5 33. Nf3 Rxf4
34. Nxh4 Rxh4 35. Kg2 a5 36. Kg3 Rh5 37. Rb6 a4 38. Rc4 Ra5 39. Rxd4 a3 40. Rb1
b5 41. Rdb4 a2 42. Ra1 Ra3 43. Kg4 Kg7 44. Rb2 Rba8 45. Rxb5 R8a4+ 46. Kg3
Rxd3+ 47. Kg2 Rd2+ 48. Kg3 Ra3+ 49. Kf4 Rf2+ 50. Ke4 Rh2 51. Kf4 Kh6 52. Rb7
g5+ 53. Kf5 Ra5+ 54. Kg4 Ra6 55. Rb4 Kg6 56. Kg3 Rc2 57. Rb3 h5 58. Kf3 h4 59.
Ke4 Ra4+ 60. Kf3 Rf4+ 61. Ke3 Rh2 62. Rb6+ Kh5 63. Ra6 Rxh3+ 64. Ke2 Rh2+ 65.
Ke3 Rff2 66. Ra8 Re2+ 67. Kd3 h3 68. Rg1 Rhg2 69. Rf1 h2 70. Rh1 Rb2 71. Rh8+
Kg4 72. Re1 Rg3+ 73. Kd4 Rg1 74. Re4+ Kg3 75. Re3+ Kg2 76. Rg8 Rd1+ 0-1

[Event "I Memorial Oliver Gonzalez Somoza"]
[Site "Madrid ESP"]
[Date "2010.10.12"]
[Round "4.52"]
[White "Gomez Fernandez, Jesus"]
[Black "Rives Higueras, Alan"]
[Result "0-1"]
[WhiteElo "1796"]
[BlackElo "2012"]
[PlyCount "62"]
[EventDate "2010.10.09"]
[EventType "swiss"]
[EventRounds "9"]
[EventCountry "ESP"]
[Source "lmi"]
[SourceDate "2010.10.09"]

1. d4 Nf6 2. c4 e5 3. dxe5 Ng4 4. Nf3 Bc5 5. e3 Nc6 6. Nc3 Ngxe5 7. b3 d6 8.
Bb2 O-O 9. Be2 Nxf3+ 10. Bxf3 Ne5 11. Be2 Qg5 12. g3 Qh6 13. h4 c6 14. Qd2 Ng4
15. Bxg4 Bxg4 16. O-O Bf3 17. Bc1 Qe6 18. Kh2 g5 19. e4 f6 20. Qd3 Qg4 21. Nd1
gxh4 22. Ne3 hxg3+ 23. fxg3 Qh5+ 24. Kg1 Qh1+ 25. Kf2 Qg2+ 26. Ke1 Qxg3+ 27.
Kd2 Rae8 28. Bb2 Qh2+ 29. Kc1 Bxe4 30. Qc3 Bxe3+ 31. Qxe3 Qc2# 0-1

[Event "I Memorial Oliver Gonzalez Somoza"]
[Site "Madrid ESP"]
[Date "2010.10.12"]
[Round "4.53"]
[White "Baeza Escudero, Javier"]
[Black "Merino Araguas, Jose Javier"]
[Result "1-0"]
[WhiteElo "1986"]
[BlackElo "1834"]
[PlyCount "98"]
[EventDate "2010.10.09"]
[EventType "swiss"]
[EventRounds "9"]
[EventCountry "ESP"]
[Source "lmi"]
[SourceDate "2010.10.09"]

1. e4 e6 2. d4 d5 3. Nd2 Nf6 4. e5 Nfd7 5. Bd3 c5 6. c3 Nc6 7. Ne2 cxd4 8. cxd4
f6 9. exf6 Nxf6 10. O-O Bd6 11. Nf3 O-O 12. Bg5 Qc7 13. Ng3 Bd7 14. Rc1 Qb6 15.
Bxf6 gxf6 16. b3 Bf4 17. Ra1 Rfe8 18. Re1 Re7 19. a3 Kh8 20. Bc2 Be8 21. b4 Bg6
22. Bb3 Qd8 23. Ra2 a6 24. Rae2 Qd6 25. Nf1 Bh5 26. N1d2 Rg8 27. g3 Bh6 28. Qc2
Bxf3 29. Nxf3 b6 30. Qd3 b5 31. Qc3 Rge8 32. Rc2 Nd8 33. Qd3 Nf7 34. Ree2 Qd7
35. Rc5 Nd6 36. Rcc2 Nc4 37. Ra2 Qd6 38. Bc2 Rg8 39. Ra1 Rge8 40. a4 Nb2 41.
Qa3 Nc4 42. Qb3 Rb8 43. Rb1 bxa4 44. Qxa4 Reb7 45. Ra1 Rb6 46. Rae1 Rf8 47.
Rxe6 Qxb4 48. Qd7 Rb7 49. Qxd5 Qc3 1-0

[Event "I Memorial Oliver Gonzalez Somoza"]
[Site "Madrid ESP"]
[Date "2010.10.12"]
[Round "4.55"]
[White "Cuadrado Lopez, Francisco Javier"]
[Black "Nuñez Alonso, Juan"]
[Result "1-0"]
[WhiteElo "1971"]
[BlackElo "1666"]
[PlyCount "113"]
[EventDate "2010.10.09"]
[EventType "swiss"]
[EventRounds "9"]
[EventCountry "ESP"]
[Source "lmi"]
[SourceDate "2010.10.09"]

1. f4 d5 2. Nf3 Bf5 3. b3 e6 4. Bb2 Nf6 5. e3 Be7 6. Be2 O-O 7. O-O c5 8. Ne5
h6 9. d3 Nc6 10. Nd2 Nd7 11. Ndf3 f6 12. Nxc6 bxc6 13. Qe1 Qb6 14. Nh4 Bh7 15.
f5 e5 16. c4 a5 17. Bf3 Qb7 18. Rb1 d4 19. e4 Ra6 20. Qg3 Rfa8 21. Bc1 Kh8 22.
Bh5 Nf8 23. Ng6+ Bxg6 24. Bxg6 Bd6 25. Qh3 Nh7 26. Qh5 Bf8 27. Rf3 Qe7 28. Rg3
R8a7 29. h4 Rb6 30. Bxh7 Kxh7 31. Qg6+ Kh8 32. Bxh6 Qf7 33. Qxf7 Rxf7 34. Bd2
a4 35. Ba5 Rb8 36. h5 Ra7 37. Bd2 axb3 38. axb3 Rab7 39. h6 Rxb3 40. hxg7+ Bxg7
41. Rxb3 Rxb3 42. Kf1 Rb2 43. Ke1 Rb1+ 44. Ke2 Rb2 45. Kd1 Kg8 46. Bh6 Rb7 47.
Ke2 Kf8 48. Rxg7 Rxg7 49. Kf3 Kf7 50. Bxg7 Kxg7 51. Kg4 Kh6 52. Kh4 Kg7 53. Kh5
Kh7 54. g4 Kg7 55. g5 fxg5 56. Kxg5 Kf7 57. f6 1-0

[Event "I Memorial Oliver Gonzalez Somoza"]
[Site "Madrid ESP"]
[Date "2010.10.12"]
[Round "4.56"]
[White "Franco Rincon, David"]
[Black "Tirado Parra, Alberto"]
[Result "1/2-1/2"]
[WhiteElo "1770"]
[BlackElo "1951"]
[PlyCount "65"]
[EventDate "2010.10.09"]
[EventType "swiss"]
[EventRounds "9"]
[EventCountry "ESP"]
[Source "lmi"]
[SourceDate "2010.10.09"]

1. e4 e5 2. Nf3 d6 3. Nc3 Be7 4. Nd5 Nc6 5. Nxe7 Qxe7 6. c3 Nf6 7. d3 a5 8. Be2
O-O 9. O-O Ne8 10. Be3 Kh8 11. Nd2 g5 12. d4 f6 13. h3 Nd8 14. d5 Ng7 15. g4
Nf7 16. Kg2 Kg8 17. Rh1 Nh8 18. Nf3 Ng6 19. Kg3 Nf4 20. h4 Bxg4 21. hxg5 Ngh5+
22. Kxg4 Qd7+ 23. Kh4 fxg5+ 24. Nxg5 h6 25. Bxh5 Qe7 26. Qg4 Kh8 27. Rag1 hxg5+
28. Qxg5 Qh7 29. Bxf4 Rxf4+ 30. Rg4 Rg8 31. Rxf4 Rxg5 32. Kxg5 Qe7+ 33. Rf6
1/2-1/2

[Event "I Memorial Oliver Gonzalez Somoza"]
[Site "Madrid ESP"]
[Date "2010.10.12"]
[Round "4.58"]
[White "Martinez Martinez, Antonio"]
[Black "Camarero Izquierdo, Juan Carlos"]
[Result "0-1"]
[WhiteElo "1695"]
[BlackElo "1941"]
[PlyCount "78"]
[EventDate "2010.10.09"]
[EventType "swiss"]
[EventRounds "9"]
[EventCountry "ESP"]
[Source "lmi"]
[SourceDate "2010.10.09"]

1. e4 c5 2. c4 d6 3. Nc3 Nf6 4. d3 g6 5. Be2 Bg7 6. h3 O-O 7. Nf3 Nc6 8. Be3 a6
9. a3 Rb8 10. O-O b5 11. cxb5 axb5 12. Qd2 b4 13. axb4 Rxb4 14. d4 cxd4 15.
Nxd4 Nxd4 16. Bxd4 Nxe4 17. Nxe4 Rxd4 18. Bd3 Bf5 19. f3 Qb6 20. Kh1 Rb8 21.
Rfb1 d5 22. Nf2 e5 23. Qe2 Bxd3 24. Nxd3 Qb5 25. Ra3 Rc8 26. b4 e4 27. fxe4
dxe4 28. Nf4 Qg5 29. Qg4 Qd8 30. b5 f5 31. Qe2 Rd2 32. Qf1 Rcc2 33. b6 Rb2 34.
Rxb2 Rxb2 35. Qc4+ Kh8 36. Nd5 Rb1+ 37. Kh2 Qd6+ 38. g3 Qxa3 39. Qc8+ Qf8 0-1

[Event "I Memorial Oliver Gonzalez Somoza"]
[Site "Madrid ESP"]
[Date "2010.10.12"]
[Round "4.65"]
[White "Martin Garcia, Francisco J"]
[Black "Suarez Prieto, Leopoldo"]
[Result "0-1"]
[WhiteElo "1575"]
[BlackElo "1815"]
[PlyCount "96"]
[EventDate "2010.10.09"]
[EventType "swiss"]
[EventRounds "9"]
[EventCountry "ESP"]
[Source "lmi"]
[SourceDate "2010.10.09"]

1. d4 e6 2. Nf3 g6 3. c4 Bg7 4. Nc3 d6 5. e4 Nc6 6. Be3 Nf6 7. h3 Ne7 8. Qd2 c6
9. Be2 O-O 10. O-O Qc7 11. Rac1 b6 12. Bh6 Bb7 13. Bxg7 Kxg7 14. Rfd1 Rad8 15.
Qe3 e5 16. d5 Qc8 17. dxc6 Qxc6 18. Nd5 Nexd5 19. cxd5 Qd7 20. Ne1 Rg8 21. Nd3
Kh8 22. Nb4 Bc8 23. Nc6 Rdf8 24. g4 Rg7 25. g5 Nh5 26. Bg4 Qe8 27. Bxc8 Qxc8
28. Nxa7 Qd7 29. Nc6 Nf4 30. Kh2 h6 31. Rg1 hxg5 32. Rxg5 Rh7 33. Rg3 g5 34. f3
Rg8 35. Rh1 Nxh3 36. Kg2 Nf4+ 37. Kg1 Rxh1+ 38. Kxh1 f5 39. Qd2 g4 40. fxg4
fxg4 41. Qh2+ Nh3 42. Ne7 Qxe7 43. Rc3 Qh7 44. Rc6 Qxe4+ 45. Qg2 Nf2+ 46. Kg1
Nh3+ 47. Kh1 Qb1+ 48. Kh2 g3+ 0-1

[Event "I Memorial Oliver Gonzalez Somoza"]
[Site "Madrid ESP"]
[Date "2010.10.12"]
[Round "4.66"]
[White "Sierra Soria, Maria"]
[Black "Sanchez Lopez, Pedro"]
[Result "1-0"]
[WhiteElo "1743"]
[BlackElo "1474"]
[PlyCount "83"]
[EventDate "2010.10.09"]
[EventType "swiss"]
[EventRounds "9"]
[EventCountry "ESP"]
[Source "lmi"]
[SourceDate "2010.10.09"]

1. e4 c6 2. c4 d5 3. exd5 cxd5 4. cxd5 Nf6 5. Nc3 Nxd5 6. Nf3 Nxc3 7. bxc3 e6
8. d4 Qc7 9. Bb2 Bd6 10. Bd3 h6 11. O-O O-O 12. Bc2 Nd7 13. Qd3 Nf6 14. c4 Rd8
15. Rad1 b6 16. h3 Ba6 17. Bb3 Rac8 18. Rc1 Bf4 19. Rc2 Bd6 20. Re1 Nd7 21. Qe4
Bb7 22. Qe2 Ba6 23. Nd2 Nf6 24. Ne4 Nxe4 25. Qxe4 Bb4 26. Re3 Bf8 27. Qg4 Qe7
28. Rg3 f6 29. Qg6 Qf7 30. Qxh6 g5 31. Qh4 Rc7 32. Qe4 Bc8 33. Re2 Qh7 34.
Qxh7+ Kxh7 35. d5 e5 36. h4 gxh4 37. Bc2+ e4 38. Rxe4 hxg3 39. Re7+ Kg8 40.
Rxc7 Bc5 41. Bxf6 Bxf2+ 42. Kf1 1-0

[Event "I Memorial Oliver Gonzalez Somoza"]
[Site "Madrid ESP"]
[Date "2010.10.12"]
[Round "4.67"]
[White "Ojosnegros Martin, Angel"]
[Black "Sierra Bermejo, Gregorio"]
[Result "1/2-1/2"]
[WhiteElo "1384"]
[BlackElo "1737"]
[PlyCount "101"]
[EventDate "2010.10.09"]
[EventType "swiss"]
[EventRounds "9"]
[EventCountry "ESP"]
[Source "lmi"]
[SourceDate "2010.10.09"]

1. c4 g6 2. Nc3 Bg7 3. g3 Nc6 4. Nf3 f5 5. Bg2 Nf6 6. O-O e5 7. d3 O-O 8. Bg5
h6 9. Bxf6 Bxf6 10. a3 d6 11. Qc2 Ne7 12. Rac1 c6 13. Qb3 Kg7 14. Rfd1 Rb8 15.
Qc2 Be6 16. b4 a6 17. a4 d5 18. cxd5 cxd5 19. e3 Rc8 20. Qb1 Nc6 21. Ne2 Rf7
22. b5 axb5 23. axb5 Na7 24. d4 e4 25. Nf4 Re7 26. Nxe6+ Rxe6 27. Nd2 Qa5 28.
Rxc8 Nxc8 29. Bf1 Nd6 30. Nb3 Qb4 31. Nc5 Qxb1 32. Nxe6+ Kf7 33. Rxb1 Kxe6 34.
Rc1 Kd7 35. h3 Be7 36. g4 Ke6 37. gxf5+ gxf5 38. Be2 Bg5 39. Rc2 Kd7 40. Rc5
Ke6 41. Kg2 f4 42. exf4 Bxf4 43. Bg4+ Kf6 44. Rxd5 Kg6 45. Kf1 Kf6 46. Ke2 Ke7
47. Rc5 Bg5 48. Rc7+ Kf6 49. Bc8 Nxb5 50. Rxb7 Nxd4+ 51. Kd1 1/2-1/2

[Event "I Memorial Oliver Gonzalez Somoza"]
[Site "Madrid ESP"]
[Date "2010.10.12"]
[Round "4.71"]
[White "Nuñez Alonso, Raul"]
[Black "Sanchez Tapia, Luis G"]
[Result "0-1"]
[WhiteElo "1426"]
[BlackElo "1638"]
[PlyCount "67"]
[EventDate "2010.10.09"]
[EventType "swiss"]
[EventRounds "9"]
[EventCountry "ESP"]
[Source "lmi"]
[SourceDate "2010.10.09"]

1. e4 c6 2. d4 d5 3. exd5 cxd5 4. c4 Nc6 5. Nf3 Bg4 6. Be2 e6 7. c5 Nf6 8. Nc3
Be7 9. Bf4 a6 10. Ne5 Bxe2 11. Nxe2 Nh5 12. Qa4 Qa5+ 13. Qxa5 Nxa5 14. Rc1 Nc6
15. Nxc6 bxc6 16. Be5 Nf6 17. O-O O-O 18. a4 Rfc8 19. b4 Ne4 20. f3 Nd2 21.
Rfd1 Nc4 22. Nc3 Nxe5 23. dxe5 a5 24. b5 Bxc5+ 25. Kf1 Be3 26. Rc2 cxb5 27.
axb5 d4 28. Rd3 Rab8 29. Ke1 Rc5 30. b6 Rxb6 31. Kd1 Kf8 32. g4 Rb3 33. Na4
Rb1+ 34. Ke2 0-1

[Event "I Memorial Oliver Gonzalez Somoza"]
[Site "Madrid ESP"]
[Date "2010.10.13"]
[Round "5.2"]
[White "Vila Gazquez, Xavier"]
[Black "Fedorchuk, Sergey A"]
[Result "1/2-1/2"]
[WhiteElo "2478"]
[BlackElo "2671"]
[PlyCount "121"]
[EventDate "2010.10.09"]
[EventType "swiss"]
[EventRounds "9"]
[EventCountry "ESP"]
[Source "lmi"]
[SourceDate "2010.10.09"]

1. Nf3 Nf6 2. c4 e6 3. g3 a6 4. Nc3 d5 5. cxd5 exd5 6. Bg2 Be7 7. O-O O-O 8. d4
Nbd7 9. Ne5 c6 10. Nd3 Re8 11. Bf4 Nf8 12. Ne5 Bd6 13. Nd3 Ne6 14. Bxd6 Qxd6
15. e3 Ng5 16. Ne5 Nfe4 17. Nxe4 Nxe4 18. Qh5 Be6 19. Rac1 Rad8 20. Nd3 Bc8 21.
Nc5 Nf6 22. Qh4 Qe7 23. Bh3 Bxh3 24. Qxh3 h6 25. Rc3 b6 26. Nd3 c5 27. dxc5 Ne4
28. Rc2 bxc5 29. Rfc1 d4 30. exd4 Ng5 31. Qg2 Qf6 32. Nf4 cxd4 33. Rc6 Qf5 34.
R6c5 Qf6 35. Rc6 Qe5 36. R6c5 Qb8 37. Nd3 Ne4 38. Rc7 Qb5 39. Rd1 Qa4 40. Ra1
Qa5 41. Rc2 Qf5 42. Rd1 Ng5 43. f4 Re3 44. fxg5 Rxd3 45. Rxd3 Qxd3 46. Qd2 Qxd2
47. Rxd2 hxg5 48. Kf2 f5 49. Ke2 Kf7 50. Kd3 g4 51. Rc2 Kf6 52. Rc6+ Kg5 53. b4
Rb8 54. Rc4 Rh8 55. Rc2 f4 56. gxf4+ Kxf4 57. a4 g5 58. b5 axb5 59. axb5 Rb8
60. Rb2 g3 61. hxg3+ 1/2-1/2

[Event "I Memorial Oliver Gonzalez Somoza"]
[Site "Madrid ESP"]
[Date "2010.10.13"]
[Round "5.3"]
[White "Roa Alonso, Santiago"]
[Black "Strikovic, Aleksa"]
[Result "0-1"]
[WhiteElo "2454"]
[BlackElo "2560"]
[PlyCount "90"]
[EventDate "2010.10.09"]
[EventType "swiss"]
[EventRounds "9"]
[EventCountry "ESP"]
[Source "lmi"]
[SourceDate "2010.10.09"]

1. e4 d6 2. d4 Nf6 3. Nc3 g6 4. Nf3 Bg7 5. Be2 O-O 6. O-O c6 7. a4 a5 8. h3 Na6
9. Be3 Nb4 10. Nd2 Ne8 11. Nc4 d5 12. exd5 cxd5 13. Ne5 Bf5 14. Rc1 Nd6 15. Nb5
f6 16. Nxd6 Qxd6 17. Ng4 Be6 18. Qd2 Nc6 19. c3 Bd7 20. Bd1 e5 21. dxe5 fxe5
22. Bb3 Be6 23. f4 e4 24. Rcd1 Rad8 25. Bb6 Rd7 26. Qe3 h5 27. Bc5 Qc7 28. Bxf8
Kxf8 29. Qc5+ Kg8 30. Nf2 Bf8 31. Qe3 Bf7 32. Kh1 Bh6 33. Qe2 Ne7 34. g4 hxg4
35. Nxg4 Bg7 36. Ne3 Qb6 37. Ba2 Be6 38. Qf2 d4 39. Nc4 Qc7 40. cxd4 e3 41.
Qxe3 Bxc4 42. Rc1 b5 43. Kh2 Nf5 44. Qe8+ Kh7 45. axb5 Rxd4 0-1

[Event "I Memorial Oliver Gonzalez Somoza"]
[Site "Madrid ESP"]
[Date "2010.10.13"]
[Round "5.7"]
[White "Paunovic, Dragan"]
[Black "Lariño Nieto, David"]
[Result "0-1"]
[WhiteElo "2559"]
[BlackElo "2451"]
[PlyCount "98"]
[EventDate "2010.10.09"]
[EventType "swiss"]
[EventRounds "9"]
[EventCountry "ESP"]
[Source "lmi"]
[SourceDate "2010.10.09"]

1. Nf3 Nf6 2. c4 g6 3. g3 Bg7 4. Bg2 d6 5. O-O O-O 6. d4 Nbd7 7. Qc2 Rb8 8. Nc3
a6 9. a4 e5 10. Rd1 exd4 11. Nxd4 a5 12. Ndb5 h6 13. h3 Nc5 14. e4 Qe7 15. Bf4
Be6 16. Nxc7 Qxc7 17. Nb5 Qd8 18. Bxd6 Na6 19. e5 Nd7 20. Nd4 Nb4 21. Nxe6 Nxc2
22. Nxd8 Nxa1 23. Bxb8 Nxb8 24. e6 Nb3 25. Nxf7 Nc6 26. Nd6 Ne7 27. Ne4 Nd4 28.
Nc5 Rd8 29. Re1 b6 30. Nd7 Nxe6 31. Nxb6 Kf7 32. Nd5 Bxb2 33. Nxe7 Kxe7 34. Bd5
Rd6 35. Kg2 Kf7 36. Re3 Bd4 37. Rf3+ Ke7 38. h4 Bc5 39. h5 g5 40. Rf5 Bb4 41.
f4 gxf4 42. gxf4 Nc5 43. Rf7+ Ke8 44. Rh7 Rf6 45. f5 Nxa4 46. Kg3 Nc5 47. Kg4
a4 48. Rh8+ Kd7 49. Rb8 a3 0-1

[Event "I Memorial Oliver Gonzalez Somoza"]
[Site "Madrid ESP"]
[Date "2010.10.13"]
[Round "5.9"]
[White "Madina Yadarola, Martin"]
[Black "Recuero Guerra, David"]
[Result "1/2-1/2"]
[WhiteElo "2254"]
[BlackElo "2457"]
[PlyCount "63"]
[EventDate "2010.10.09"]
[EventType "swiss"]
[EventRounds "9"]
[EventCountry "ESP"]
[Source "lmi"]
[SourceDate "2010.10.09"]

1. g3 e5 2. Bg2 d5 3. c4 Nf6 4. cxd5 Nxd5 5. Nc3 Nb6 6. Nf3 Nc6 7. O-O Be7 8.
d3 O-O 9. Be3 Re8 10. Rc1 Bf8 11. Ne4 Nd4 12. Bg5 f6 13. Bd2 c6 14. Nc5 Kh8 15.
b4 Ne6 16. Nb3 Nc7 17. Nc5 Nd7 18. Nb3 Ne6 19. a3 c5 20. b5 Nc7 21. a4 a6 22.
b6 Nxb6 23. Nxc5 Nbd5 24. e4 Bxc5 25. Rxc5 Ne7 26. Ba5 Nc6 27. Bb6 Bg4 28. Qc2
Qe7 29. Bxc7 Qxc7 30. d4 Bxf3 31. d5 Bxg2 32. Kxg2 1/2-1/2

[Event "I Memorial Oliver Gonzalez Somoza"]
[Site "Madrid ESP"]
[Date "2010.10.13"]
[Round "5.10"]
[White "Rios Parra, Alejandro"]
[Black "Perez Mitjans, Orelvis"]
[Result "0-1"]
[WhiteElo "2299"]
[BlackElo "2445"]
[PlyCount "107"]
[EventDate "2010.10.09"]
[EventType "swiss"]
[EventRounds "9"]
[EventCountry "ESP"]
[Source "lmi"]
[SourceDate "2010.10.09"]

1. e4 c5 2. Nf3 d6 3. d4 cxd4 4. Nxd4 Nf6 5. Nc3 g6 6. Be2 Bg7 7. O-O O-O 8.
Be3 Nc6 9. Qd2 Bd7 10. f4 Nxd4 11. Bxd4 Bc6 12. Bf3 Qa5 13. Rf2 Rfd8 14. Bxf6
exf6 15. Nd5 Qc5 16. f5 Bxd5 17. Qxd5 Bh6 18. Kf1 Bf4 19. g3 Be5 20. c3 Qc7 21.
Bd1 Kg7 22. Bb3 h5 23. Qd1 b5 24. Bd5 Rab8 25. Rc1 a5 26. a3 Rdc8 27. Rcc2 Qa7
28. Kg2 Rc5 29. fxg6 fxg6 30. Qd3 b4 31. cxb4 axb4 32. Rxc5 dxc5 33. axb4 Rxb4
34. b3 Bd4 35. Rc2 Rb6 36. Bc4 Rb8 37. Bd5 h4 38. gxh4 Rh8 39. Qb5 Rxh4 40.
Qb7+ Qxb7 41. Bxb7 Kh6 42. h3 Rf4 43. Bd5 Kg5 44. Re2 Rh4 45. Re1 Rh7 46. Re2
Ra7 47. Kf3 Kh4 48. Rg2 g5 49. Be6 Ra3 50. Rg4+ Kh5 51. Bf7+ Kh6 52. h4 Ra7 53.
hxg5+ fxg5 54. Rg2 0-1

[Event "I Memorial Oliver Gonzalez Somoza"]
[Site "Madrid ESP"]
[Date "2010.10.13"]
[Round "5.11"]
[White "Barria Zuñiga, Daniel"]
[Black "Solaesa Navalpotro, Luis Julio"]
[Result "1/2-1/2"]
[WhiteElo "2419"]
[BlackElo "2227"]
[PlyCount "72"]
[EventDate "2010.10.09"]
[EventType "swiss"]
[EventRounds "9"]
[EventCountry "ESP"]
[Source "lmi"]
[SourceDate "2010.10.09"]

1. d4 Nf6 2. c4 c5 3. d5 b5 4. Qc2 bxc4 5. e4 d6 6. Bxc4 g6 7. Nc3 Bg7 8. Nf3
O-O 9. O-O Ba6 10. Nb5 Qb6 11. a4 Bc8 12. h3 Na6 13. Bf4 Nb4 14. Qe2 a6 15. Nc3
Nd7 16. Rac1 Bb7 17. Rfd1 Rad8 18. Qe3 Rfe8 19. Rd2 Ba8 20. Rcd1 Bb7 21. e5
dxe5 22. Nxe5 Nxe5 23. Bxe5 Bxe5 24. Qxe5 Qd6 25. Qg5 f6 26. Qe3 f5 27. f4 Bc8
28. Qf2 Kg7 29. Re2 Qb6 30. Rde1 e6 31. b3 Qd6 32. Re5 Qc7 33. Na2 Nxa2 34.
Qxa2 Kf8 35. Qb2 Qg7 36. Qf2 Qc7 1/2-1/2

[Event "I Memorial Oliver Gonzalez Somoza"]
[Site "Madrid ESP"]
[Date "2010.10.13"]
[Round "5.12"]
[White "Suarez Uriel, Adrian"]
[Black "Valles Moreno, Ivan"]
[Result "1-0"]
[WhiteElo "2180"]
[BlackElo "2403"]
[PlyCount "73"]
[EventDate "2010.10.09"]
[EventType "swiss"]
[EventRounds "9"]
[EventCountry "ESP"]
[Source "lmi"]
[SourceDate "2010.10.09"]

1. e4 e6 2. d4 d5 3. Nc3 Nc6 4. Nf3 Nf6 5. Bb5 a6 6. Bxc6+ bxc6 7. O-O Be7 8.
Bg5 dxe4 9. Bxf6 gxf6 10. Nxe4 Qd5 11. Qe2 Bb7 12. c4 Qf5 13. Ng3 Qf4 14. Rfd1
h5 15. Qe4 Qg4 16. h3 Qg6 17. Re1 f5 18. Qf4 O-O-O 19. Nxf5 Bf6 20. Ne3 Rhg8
21. g3 c5 22. d5 Qg7 23. Rad1 Be7 24. Nf5 Qf6 25. Nxe7+ Qxe7 26. Re5 Rd6 27.
Rxh5 Rgd8 28. Rh7 exd5 29. Rxf7 Qe2 30. Rd2 Qxc4 31. Qxc4 dxc4 32. Rxd6 Rxd6
33. h4 Rd1+ 34. Kg2 Kd8 35. h5 Ke8 36. Rxc7 Bd5 37. h6 1-0

[Event "I Memorial Oliver Gonzalez Somoza"]
[Site "Madrid ESP"]
[Date "2010.10.13"]
[Round "5.13"]
[White "Candela Perez, Jose"]
[Black "Ballesteros Gonzalez, David"]
[Result "1-0"]
[WhiteElo "2390"]
[BlackElo "2196"]
[PlyCount "63"]
[EventDate "2010.10.09"]
[EventType "swiss"]
[EventRounds "9"]
[EventCountry "ESP"]
[Source "lmi"]
[SourceDate "2010.10.09"]

1. d4 Nf6 2. Nf3 g6 3. g3 Bg7 4. Bg2 O-O 5. c4 c6 6. O-O d5 7. b3 a5 8. Bb2 Ne4
9. Nfd2 f5 10. Nf3 Be6 11. Nbd2 h6 12. Nxe4 fxe4 13. Ne5 g5 14. cxd5 cxd5 15.
Rc1 Nd7 16. Qd2 Nf6 17. Rc5 b6 18. Rc6 Bd7 19. Nxd7 Nxd7 20. Bh3 Nf6 21. Be6+
Kh8 22. Ba3 a4 23. Bb4 axb3 24. axb3 Qe8 25. Rc7 Qb5 26. Bxe7 Rfe8 27. Bxf6
Bxf6 28. Bd7 Qxb3 29. Bxe8 Rxe8 30. e3 Ra8 31. Qe2 Bg7 32. Qh5 1-0

[Event "I Memorial Oliver Gonzalez Somoza"]
[Site "Madrid ESP"]
[Date "2010.10.13"]
[Round "5.14"]
[White "Serrano Salvador, Eduardo"]
[Black "Lara Granero, Bio"]
[Result "1-0"]
[WhiteElo "2352"]
[BlackElo "2036"]
[PlyCount "153"]
[EventDate "2010.10.09"]
[EventType "swiss"]
[EventRounds "9"]
[EventCountry "ESP"]
[Source "lmi"]
[SourceDate "2010.10.09"]

1. d4 f5 2. Bg5 g6 3. Nc3 Bg7 4. e4 d6 5. Nf3 c6 6. Bd3 Qb6 7. Rb1 Bxd4 8. O-O
Bf6 9. exf5 gxf5 10. Re1 Na6 11. Bxa6 bxa6 12. Qxd6 c5 13. Qxb6 axb6 14. Nd5
Kf7 15. Nxb6 Rb8 16. Nxc8 Rxc8 17. Rbd1 Bxb2 18. Rd7 Bf6 19. Ra7 Rc6 20. Bxf6
Kxf6 21. Ne5 Rd6 22. Nd7+ Kg6 23. Nxc5 Nf6 24. Nd3 Rc8 25. Ne5+ Kh5 26. c4 Re6
27. Nd3 Rxe1+ 28. Nxe1 Rxc4 29. Rxa6 Rc1 30. Kf1 Ra1 31. Ra5 Kg6 32. f3 e5 33.
Rxe5 Rxa2 34. Nd3 Nh5 35. Re6+ Kf7 36. Rb6 Ra1+ 37. Kf2 Ra2+ 38. Rb2 Rxb2+ 39.
Nxb2 Nf4 40. g3 Ne6 41. Ke3 Kf6 42. Nd3 Nc7 43. Kd4 Ne6+ 44. Kd5 Nc7+ 45. Kd6
Nb5+ 46. Kc5 Nc3 47. Kc4 Na4 48. Kd4 Nb6 49. Nf4 Nd7 50. Kd5 Nb6+ 51. Kc5 Nc8
52. Nd5+ Ke6 53. Nf4+ Kf6 54. Kc6 Na7+ 55. Kb6 Nc8+ 56. Kc7 Ne7 57. Kd7 Kf7 58.
Kd6 Ng8 59. Ke5 Nh6 60. h4 Ke7 61. Nd5+ Kf7 62. h5 Kg7 63. Ke6 Nf7 64. Kxf5 Kh6
65. g4 Nd6+ 66. Ke6 Nb5 67. Kf6 Nd6 68. Ne7 Ne4+ 69. Kf5 Ng3+ 70. Kf4 Ne2+ 71.
Ke3 Ng3 72. Nf5+ Nxf5+ 73. gxf5 Kxh5 74. Kf4 Kh6 75. Ke5 Kg7 76. Ke6 h5 77. Ke7
1-0

[Event "I Memorial Oliver Gonzalez Somoza"]
[Site "Madrid ESP"]
[Date "2010.10.13"]
[Round "5.15"]
[White "Garcia Diaz, Victor Manuel"]
[Black "Gemy, Jose Daniel"]
[Result "0-1"]
[WhiteElo "2108"]
[BlackElo "2325"]
[PlyCount "36"]
[EventDate "2010.10.09"]
[EventType "swiss"]
[EventRounds "9"]
[EventCountry "ESP"]
[Source "lmi"]
[SourceDate "2010.10.09"]

1. d4 d5 2. c4 e6 3. Nc3 Nf6 4. cxd5 exd5 5. Bg5 c6 6. Nf3 Bg4 7. Ne5 Be6 8. e3
Nbd7 9. Bd3 h6 10. Bh4 Be7 11. f4 Ne4 12. Bxe7 Qxe7 13. Nxe4 dxe4 14. Bxe4 Nxe5
15. dxe5 Qb4+ 16. Qd2 Qxe4 17. O-O Rd8 18. Qf2 Bc4 0-1